LIBRARY & INFORMATION CENTRE, KCAET, TAVANUR

ONLINE PUBLIC ACCESS CATALOGUE (OPAC)

History of Late Nineteenth Century Drama 1850-1900 | Volume 1 (Record no. 17788)

MARC details
000 -LEADER
fixed length control field 00457nam a22001697a 4500
003 - CONTROL NUMBER IDENTIFIER
control field OSt
008 - FIXED-LENGTH DATA ELEMENTS--GENERAL INFORMATION
fixed length control field 231114b |||||||| |||| 00| 0 eng d
041 ## - LANGUAGE CODE
Language code of text/sound track or separate title eng
082 ## - DEWEY DECIMAL CLASSIFICATION NUMBER
Classification number 828.09
Item number NIC / H
100 ## - MAIN ENTRY--AUTHOR NAME
Personal name Nicoll, Allardyce
245 ## - TITLE STATEMENT
Title History of Late Nineteenth Century Drama 1850-1900
Remainder of title Volume 1
250 ## - EDITION STATEMENT
Edition statement 1st Reprint
260 ## - PUBLICATION, DISTRIBUTION, ETC. (IMPRINT)
Place of publication New York :
Name of publisher Cambridge University Press,
Year of publication 1949.
300 ## - PHYSICAL DESCRIPTION
Number of Pages 228pages.
650 ## - SUBJECT ADDED ENTRY--TOPICAL TERM
Topical Term Drama
942 ## - ADDED ENTRY ELEMENTS (KOHA)
Koha item type Books
Holdings
Withdrawn status Lost status Damaged status Home library Current library Date acquired Cost, normal purchase price Full call number Accession Number Koha item type
Withdrawn     KAUAET Malayalam University 14/11/2023 375.00 828.09 NIC / H 9806 Books
free website counter